[Event "Europa ch 2014"]
[Site "Yerevan ARM"]
[Date "2014.03.04"]
[Round "2.76"]
[White "Kuljasevic, Davorin"]
[Black "Apresyan, Zohrak"]
[Result "1/2-1/2"]
[WhiteElo "2567"]
[BlackElo "2136"]
[PlyCount "148"]
[EventDate "2014.03.03"]
[EventType "swiss"]
[EventRounds "11"]
[EventCountry "ARM"]
[Source "lmi"]
[SourceDate "2014.03.02"]

1. d4 Nf6 2. c4 c5 3. d5 b5 4. cxb5 a6 5. bxa6 Bxa6 6. Nc3 g6 7. e4 Bxf1 8.
Kxf1 d6 9. Nf3 Nbd7 10. g3 Bg7 11. Kg2 Ng4 12. Nd2 Nge5 13. Qe2 Nb6 14. a4 Qc8
15. a5 c4 16. Ra3 Nbd7 17. f4 Nd3 18. Ra4 Qa6 19. Rxc4 N7c5 20. e5 Rb8 21. b4
Rxb4 22. Rxb4 Nxb4 23. Qxa6 Ncxa6 24. Nc4 dxe5 25. Nxe5 O-O 26. Rd1 Rc8 27. Ne4
Rc2+ 28. Kf3 f6 29. Nd7 f5 30. Ng5 Rc3+ 31. Kg2 Rc2+ 32. Kf3 Rc3+ 33. Kg2 Rc2+
34. Kh3 h6 35. Ne6 Nxd5 36. Rxd5 Rxc1 37. Rb5 Ra1 38. Nb8 Nxb8 39. Rxb8+ Kf7
40. Nd8+ Ke8 41. Nb7+ Kf7 42. Nd8+ Ke8 43. Ra8 Kd7 44. a6 g5 45. fxg5 hxg5 46.
Nf7 Bf6 47. a7 Kc7 48. Nxg5 Bxg5 49. Rg8 Rxa7 50. Rxg5 Ra5 51. Kh4 Kd6 52. Kh5
Ke5 53. Kg6 Ra6+ 54. Kf7 e6 55. h4 Ra7+ 56. Kg6 Ke4 57. h5 f4 58. gxf4 Kxf4 59.
h6 e5 60. Rf5+ Ke4 61. Rh5 Kf4 62. h7 Ra6+ 63. Kg7 Ra8 64. Rh6 e4 65. Rf6+ Kg3
66. Rf8 Ra7+ 67. Rf7 Ra8 68. Rf8 Ra7+ 69. Rf7 Ra8 70. Kh6 Rh8 71. Re7 Kf3 72.
Kg7 Rxh7+ 73. Kxh7 e3 74. Rxe3+ Kxe3 1/2-1/2

[Event "Europa ch 2014"]
[Site "Yerevan ARM"]
[Date "2014.03.04"]
[Round "2.77"]
[White "Esen, Baris"]
[Black "Vardanian, Hamazasp"]
[Result "1-0"]
[WhiteElo "2563"]
[BlackElo "2138"]
[PlyCount "111"]
[EventDate "2014.03.03"]
[EventType "swiss"]
[EventRounds "11"]
[EventCountry "ARM"]
[Source "lmi"]
[SourceDate "2014.03.02"]

1. d4 f5 2. g3 Nf6 3. Bg2 g6 4. Nf3 Bg7 5. O-O O-O 6. c4 d6 7. Nc3 c6 8. d5 e5
9. dxe6 Bxe6 10. b3 Na6 11. Bb2 Qe7 12. Ng5 Bd7 13. Qd2 Rad8 14. Rfe1 h6 15.
Nh3 Nc5 16. Nf4 Be8 17. Qc2 g5 18. Nd3 Nce4 19. e3 Bg6 20. Rad1 Nxc3 21. Bxc3
Ne4 22. Bxg7 Qxg7 23. b4 a6 24. f3 Nf6 25. c5 d5 26. f4 Rde8 27. Qd2 Re7 28. h3
Rfe8 29. Ne5 Rxe5 30. fxe5 Nh5 31. Qf2 Qxe5 32. Kh2 Nf6 33. Rd4 Kg7 34. a4 Nd7
35. Qb2 Kh7 36. Qf2 Qc7 37. h4 Nf6 38. Bf3 Qe5 39. b5 axb5 40. axb5 Re7 41.
bxc6 bxc6 42. Ra4 Be8 43. Qd2 Nd7 44. Qc1 Kg7 45. Kg2 Qf6 46. hxg5 hxg5 47. Ra7
g4 48. Be2 d4 49. exd4 Bf7 50. Bc4 Rxe1 51. Qxe1 Qxd4 52. Qe7 Qxc4 53. Qg5+ Kf8
54. Qh6+ Kg8 55. Ra8+ Be8 56. Qg6+ 1-0

[Event "Europa ch 2014"]
[Site "Yerevan ARM"]
[Date "2014.03.04"]
[Round "2.78"]
[White "Yayloyan, Konstantin"]
[Black "Savchenko, Boris"]
[Result "1/2-1/2"]
[WhiteElo "1963"]
[BlackElo "2560"]
[PlyCount "48"]
[EventDate "2014.03.03"]
[EventType "swiss"]
[EventRounds "11"]
[EventCountry "ARM"]
[Source "lmi"]
[SourceDate "2014.03.02"]

1. e4 e6 2. d4 d5 3. Nc3 Bb4 4. e5 c5 5. a3 Bxc3+ 6. bxc3 Ne7 7. Qg4 O-O 8. Bd3
f5 9. Qh3 Qa5 10. Bd2 Qa4 11. Nf3 c4 12. Be2 Qxc2 13. Rg1 Nbc6 14. Rc1 Qb2 15.
g4 Na5 16. Bd1 Nb3 17. Rc2 Qxa3 18. Bh6 Ng6 19. gxf5 exf5 20. Ng5 Nf4 21. Qh4
Ng6 22. Qh3 Nf4 23. Qh4 Ng6 24. Qh3 f4 1/2-1/2

[Event "Europa ch 2014"]
[Site "Yerevan ARM"]
[Date "2014.03.04"]
[Round "2.79"]
[White "Aleksandrov, Aleksej"]
[Black "Nersisyan, Garnik"]
[Result "1-0"]
[WhiteElo "2544"]
[BlackElo "2063"]
[PlyCount "77"]
[EventDate "2014.03.03"]
[EventType "swiss"]
[EventRounds "11"]
[EventCountry "ARM"]
[Source "lmi"]
[SourceDate "2014.03.02"]

1. d4 d5 2. c4 e6 3. Nc3 Nf6 4. cxd5 exd5 5. Bg5 c6 6. Qc2 Be7 7. e3 Nh5 8.
Bxe7 Qxe7 9. Nxd5 Qd6 10. Nc3 O-O 11. Be2 Nf6 12. Nf3 Bg4 13. Rd1 Nbd7 14. e4
Bxf3 15. Bxf3 Qe7 16. e5 Nb6 17. a4 Rad8 18. a5 Nbd5 19. O-O Ne8 20. Nxd5 cxd5
21. Qb3 Qd7 22. Rc1 g5 23. Rc5 Nc7 24. Qxb7 Ne6 25. Qxd7 Rxd7 26. Rxd5 Rxd5 27.
Bxd5 Nxd4 28. Rd1 Ne2+ 29. Kf1 Nf4 30. Bc4 Rc8 31. b3 Rc7 32. g3 Ng6 33. e6
fxe6 34. Bxe6+ Kf8 35. Rd7 Rc1+ 36. Kg2 h5 37. Rf7+ Ke8 38. Rg7 Nf8 39. Bf7+
1-0

[Event "Europa ch 2014"]
[Site "Yerevan ARM"]
[Date "2014.03.04"]
[Round "2.80"]
[White "Oral, Tomas"]
[Black "Sargsyan, Shant"]
[Result "1-0"]
[WhiteElo "2528"]
[BlackElo "2027"]
[PlyCount "111"]
[EventDate "2014.03.03"]
[EventType "swiss"]
[EventRounds "11"]
[EventCountry "ARM"]
[Source "lmi"]
[SourceDate "2014.03.02"]

1. e4 c5 2. Nf3 d6 3. Bb5+ Bd7 4. Bxd7+ Qxd7 5. c4 Nc6 6. d4 cxd4 7. Nxd4 Nf6
8. Nc3 e6 9. O-O Be7 10. Be3 O-O 11. f4 Rfd8 12. Qe2 Rac8 13. Rac1 a6 14. Kh1
Qc7 15. b3 Qb8 16. Rfd1 Nd7 17. h3 Nc5 18. Bg1 Bf8 19. Bh2 Nxd4 20. Rxd4 Be7
21. Rcd1 b6 22. b4 Nb7 23. a3 Qc7 24. R1d3 Nc5 25. Nd5 exd5 26. bxc5 dxc4 27.
Rxc4 dxc5 28. f5 Qc6 29. Rf3 Qb5 30. Qc2 Bg5 31. Bf4 Bxf4 32. Rxf4 Qd7 33. Qf2
Qd3 34. e5 Re8 35. f6 Rxe5 36. fxg7 Qd5 37. Rc3 Rg5 38. Rf6 Rxg7 39. Rxb6 Qe5
40. Rc1 Rg6 41. Rb4 Kg7 42. Rbc4 Rg5 43. Rf4 Qd5 44. h4 Rg6 45. Rf5 Qb3 46. Rf1
Rc7 47. Qf4 Qb7 48. Rf3 Kg8 49. h5 Rg7 50. Rg5 Rd7 51. Rxg7+ Kxg7 52. Qf6+ Kf8
53. Re3 Rd1+ 54. Kh2 Qb8+ 55. Re5 Kg8 56. h6 1-0

[Event "Europa ch 2014"]
[Site "Yerevan ARM"]
[Date "2014.03.04"]
[Round "2.81"]
[White "Oparin, Grigoriy"]
[Black "Bykov, Egor"]
[Result "1-0"]
[WhiteElo "2526"]
[BlackElo "2089"]
[PlyCount "71"]
[EventDate "2014.03.03"]
[EventType "swiss"]
[EventRounds "11"]
[EventCountry "ARM"]
[Source "lmi"]
[SourceDate "2014.03.02"]

1. b3 d5 2. Bb2 Nf6 3. Nf3 Bf5 4. g3 e6 5. Bg2 Be7 6. O-O O-O 7. c4 c6 8. d3 h6
9. Nbd2 Nbd7 10. a3 a5 11. Bc3 Bh7 12. b4 dxc4 13. dxc4 Ne4 14. Nxe4 Bxe4 15.
Qb3 Qc7 16. Rad1 Rfd8 17. Rd2 Bf6 18. Rfd1 Bxc3 19. Qxc3 Nf6 20. Rd4 Rxd4 21.
Qxd4 axb4 22. axb4 Ra2 23. Ng5 hxg5 24. Bxe4 Nxe4 25. Qxe4 Qe7 26. c5 Ra8 27.
Qd4 Kf8 28. Kg2 e5 29. Qe4 g6 30. Rd6 Kg7 31. h3 Ra3 32. Qc4 Qc7 33. Qc1 Ra2
34. Qxg5 Ra8 35. Qxe5+ Kh7 36. h4 1-0

[Event "Europa ch 2014"]
[Site "Yerevan ARM"]
[Date "2014.03.04"]
[Round "2.82"]
[White "Manukyan, Sargis A"]
[Black "Quparadze, Giga"]
[Result "1/2-1/2"]
[WhiteElo "2123"]
[BlackElo "2507"]
[PlyCount "100"]
[EventDate "2014.03.03"]
[EventType "swiss"]
[EventRounds "11"]
[EventCountry "ARM"]
[Source "lmi"]
[SourceDate "2014.03.02"]

1. d4 Nf6 2. c4 e6 3. Nc3 Bb4 4. e3 c5 5. Bd3 d5 6. Nge2 cxd4 7. exd4 dxc4 8.
Bxc4 O-O 9. O-O Nc6 10. Bd3 Be7 11. a3 b6 12. Bg5 Bb7 13. Qd2 Nd5 14. Bxe7
Ncxe7 15. Rfe1 Qd7 16. Rad1 Rfd8 17. Nf4 Nxf4 18. Qxf4 Nd5 19. Nxd5 Qxd5 20.
Be4 Qd7 21. Bxb7 Qxb7 22. Rc1 Rd7 23. Rc4 Rad8 24. Rec1 h6 25. h3 Qd5 26. b4 a5
27. bxa5 Qxa5 28. Rc7 Rxc7 29. Rxc7 Rf8 30. Qf3 Qa4 31. Qc3 Qd1+ 32. Kh2 Qe2
33. Kg1 b5 34. Rc8 Rxc8 35. Qxc8+ Kh7 36. Qc3 f5 37. g3 Kg6 38. Qc6 Qd1+ 39.
Kg2 Qb3 40. Qd6 Qc4 41. Qd7 Qe2 42. Qe8+ Kh7 43. Qc6 Kg6 44. Qe8+ Kf6 45. Qf8+
Kg6 46. Qe8+ Kg5 47. Qf7 Qe4+ 48. Kh2 Qe2 49. Qxg7+ Kh5 50. Qf7+ Kg5 1/2-1/2

[Event "Europa ch 2014"]
[Site "Yerevan ARM"]
[Date "2014.03.04"]
[Round "2.83"]
[White "Dilanyan, Grigor"]
[Black "Korobov, Anton"]
[Result "1/2-1/2"]
[WhiteElo "2266"]
[BlackElo "2719"]
[PlyCount "157"]
[EventDate "2014.03.03"]
[EventType "swiss"]
[EventRounds "11"]
[EventCountry "ARM"]
[Source "lmi"]
[SourceDate "2014.03.02"]

1. d4 Nf6 2. Nf3 e6 3. c4 d5 4. g3 Bb4+ 5. Bd2 Be7 6. Bg2 O-O 7. O-O c6 8. Qc2
b6 9. Bf4 Bb7 10. Rd1 Nbd7 11. Nc3 dxc4 12. Nd2 Nd5 13. Nxc4 Nxf4 14. gxf4 Qc7
15. e3 Rac8 16. a4 Rfd8 17. a5 b5 18. a6 bxc4 19. axb7 Qxb7 20. Ne4 Nb6 21. Nd2
Nd5 22. f5 exf5 23. Qxf5 c3 24. bxc3 Nxc3 25. Re1 Bb4 26. Nc4 Qe7 27. Ne5 g6
28. Qh3 c5 29. Kh1 a5 30. Nc6 Rxc6 31. Bxc6 a4 32. Qf3 a3 33. Rec1 Rd6 34. Rxa3
Bxa3 35. Rxc3 Rf6 36. Rxa3 Rxf3 37. Bxf3 cxd4 38. Ra8+ Kg7 39. exd4 Qh4 40. Kg2
Qxd4 41. Ra5 h5 42. h3 f5 43. Rd5 Qf4 44. Rc5 Qg5+ 45. Kf1 Qh4 46. Kg2 Kf6 47.
Rc6+ Kg5 48. Bd5 Qd4 49. Bf3 Qd3 50. Rb6 Qc3 51. Rc6 Qb3 52. Rd6 Kf4 53. Rd4+
Ke5 54. Rd7 Qa4 55. Rg7 Qe8 56. Rc7 g5 57. Rc5+ Kf6 58. Rc6+ Kg7 59. Rc7+ Kh8
60. Rc5 g4 61. hxg4 hxg4 62. Rxf5 gxf3+ 63. Rxf3 Qe4 64. Kg3 Kg7 65. Re3 Qh1
66. Ra3 Qg1+ 67. Kf3 Kf6 68. Ke2 Qh1 69. Rf3+ Ke5 70. Re3+ Kf4 71. Rg3 Qa8 72.
Kf1 Qh1+ 73. Ke2 Qb1 74. Rf3+ Ke4 75. Re3+ Kd4 76. Rg3 Qb5+ 77. Ke1 Ke4 78.
Re3+ Kf4 79. Rg3 1/2-1/2

[Event "Europa ch 2014"]
[Site "Yerevan ARM"]
[Date "2014.03.04"]
[Round "2.84"]
[White "Grachev, Boris"]
[Black "Cherednichenko, Svetlana"]
[Result "1-0"]
[WhiteElo "2675"]
[BlackElo "2270"]
[PlyCount "97"]
[EventDate "2014.03.03"]
[EventType "swiss"]
[EventRounds "11"]
[EventCountry "ARM"]
[Source "lmi"]
[SourceDate "2014.03.02"]

1. d4 f5 2. Nc3 Nf6 3. Bg5 e6 4. e4 fxe4 5. Nxe4 Be7 6. Bxf6 Bxf6 7. Nf3 b6 8.
Bd3 Bb7 9. Qe2 Qe7 10. c3 c5 11. Nxf6+ Qxf6 12. Be4 Bxe4 13. Qxe4 d5 14. Qe3
Nd7 15. O-O O-O 16. Rae1 Rae8 17. Re2 Qg6 18. Rfe1 Rf6 19. Ne5 Nxe5 20. Qxe5 c4
21. g3 Rf3 22. Qd6 Rf6 23. Qd7 Qf7 24. Qxd5 Rxf2 25. Qxc4 Rf8 26. Qxe6 Qxe6 27.
Rxe6 Rxb2 28. R6e2 Rb5 29. Rf2 Ra5 30. Re7 Rxf2 31. Kxf2 Rxa2+ 32. Ke3 Kf8 33.
Rb7 Rc2 34. Rc7 a5 35. d5 a4 36. d6 Ke8 37. Kd4 a3 38. h4 a2 39. Ra7 b5 40. h5
h6 41. g4 Kd8 42. Kd5 Rxc3 43. Rxa2 Rc4 44. Ra8+ Rc8 45. Ra7 Rc3 46. Rxg7 b4
47. g5 Rd3+ 48. Kc6 Rh3 49. gxh6 1-0

[Event "Europa ch 2014"]
[Site "Yerevan ARM"]
[Date "2014.03.04"]
[Round "2.85"]
[White "Saric, Ivan"]
[Black "Karatorossian, David"]
[Result "1-0"]
[WhiteElo "2661"]
[BlackElo "2262"]
[PlyCount "81"]
[EventDate "2014.03.03"]
[EventType "swiss"]
[EventRounds "11"]
[EventCountry "ARM"]
[Source "lmi"]
[SourceDate "2014.03.02"]

1. e4 e6 2. d4 d5 3. Nc3 Nf6 4. Bg5 Bb4 5. e5 h6 6. Bc1 Ne4 7. Qg4 g6 8. Nge2
c5 9. a3 Ba5 10. dxc5 Nxc3 11. Nxc3 Bxc3+ 12. bxc3 Bd7 13. Bd3 Qe7 14. O-O Bc6
15. Be3 Nd7 16. Qd4 Kf8 17. a4 a6 18. h4 Kg7 19. h5 gxh5 20. f4 f5 21. exf6+
Qxf6 22. Qb4 a5 23. Qb2 Qh4 24. Bb5 Kf7 25. Bxc6 bxc6 26. Qb7 Qe7 27. f5 e5 28.
Qxc6 Nf6 29. Rab1 Rac8 30. Qa6 Ra8 31. Qd3 Rac8 32. Rb6 Rxc5 33. Re6 Qc7 34.
Bxc5 Qxc5+ 35. Kh1 Rg8 36. Rxf6+ Kxf6 37. Qa6+ Kg5 38. Qe6 Rd8 39. Qg6+ Kh4 40.
g3+ Kh3 41. Qxh5+ 1-0

[Event "Europa ch 2014"]
[Site "Yerevan ARM"]
[Date "2014.03.04"]
[Round "2.86"]
[White "Ragger, Markus"]
[Black "Poghosyan, Suren"]
[Result "1-0"]
[WhiteElo "2644"]
[BlackElo "2257"]
[PlyCount "59"]
[EventDate "2014.03.03"]
[EventType "swiss"]
[EventRounds "11"]
[EventCountry "ARM"]
[Source "lmi"]
[SourceDate "2014.03.02"]

1. Nf3 Nf6 2. c4 c5 3. Nc3 Nc6 4. e3 e6 5. d4 d5 6. cxd5 exd5 7. Bb5 Bd6 8.
dxc5 Bxc5 9. O-O O-O 10. b3 Bg4 11. Bb2 a6 12. Bxc6 bxc6 13. h3 Bh5 14. Ne2 Bd6
15. Ned4 Qd7 16. Qc2 c5 17. Nf5 Bxf3 18. gxf3 Nh5 19. Rfd1 d4 20. exd4 c4 21.
bxc4 Nf4 22. Bc1 Nxh3+ 23. Kg2 Nf4+ 24. Bxf4 Bxf4 25. Qe4 Qc7 26. Ne7+ Kh8 27.
Nd5 Qxc4 28. Nxf4 Rae8 29. Qf5 Qc6 30. Re1 1-0

[Event "Europa ch 2014"]
[Site "Yerevan ARM"]
[Date "2014.03.04"]
[Round "2.87"]
[White "Svetushkin, Dmitry"]
[Black "Galoyan, Levon"]
[Result "1-0"]
[WhiteElo "2582"]
[BlackElo "2251"]
[PlyCount "62"]
[EventDate "2014.03.03"]
[EventType "swiss"]
[EventRounds "11"]
[EventCountry "ARM"]
[Source "lmi"]
[SourceDate "2014.03.02"]

1. e4 c5 2. Nf3 d6 3. Bb5+ Bd7 4. Bxd7+ Qxd7 5. c4 Qg4 6. O-O Qxe4 7. d4 Nd7 8.
Nc3 Qc6 9. Re1 a6 10. Bf4 Ngf6 11. dxc5 Nxc5 12. Nd4 Qd7 13. Bg5 O-O-O 14. b4
Ne6 15. Nxe6 fxe6 16. b5 a5 17. Na4 Qc7 18. Rxe6 Kd7 19. Qe2 Ke8 20. Re1 Kf7
21. Nc3 Rc8 22. Bxf6 exf6 23. Nd5 Qxc4 24. Rxf6+ gxf6 25. Qe6+ Kg7 26. Qxf6+
Kg8 27. Qe6+ Kg7 28. Qd7+ Kg6 29. Re6+ Kg5 30. f4+ Kh4 31. Rh6+ Bxh6 1-0

[Event "Europa ch 2014"]
[Site "Yerevan ARM"]
[Date "2014.03.04"]
[Round "2.88"]
[White "Mastrovasilis, Athanasios"]
[Black "Oganisian, Roman"]
[Result "1/2-1/2"]
[WhiteElo "2554"]
[BlackElo "2243"]
[PlyCount "118"]
[EventDate "2014.03.03"]
[EventType "swiss"]
[EventRounds "11"]
[EventCountry "ARM"]
[Source "lmi"]
[SourceDate "2014.03.02"]

1. d4 e6 2. Nf3 f5 3. g3 Nf6 4. Bg2 Be7 5. O-O O-O 6. c4 d6 7. Nc3 Ne4 8. Nxe4
fxe4 9. Nd2 d5 10. f3 Bf6 11. e3 exf3 12. Nxf3 Nc6 13. Bd2 Ne7 14. Qe2 c5 15.
Bc3 Bd7 16. dxc5 Bxc3 17. bxc3 Qc7 18. Qd3 Qxc5 19. Ne5 Bc6 20. Qd4 Qxd4 21.
cxd4 dxc4 22. Bh3 Nf5 23. Nxc6 bxc6 24. Rac1 Rfe8 25. Rfe1 Nd6 26. Bf1 e5 27.
dxe5 Rxe5 28. Bxc4+ Nxc4 29. Rxc4 c5 30. e4 Rd8 31. Kf2 Rd6 32. Re2 Ra6 33. Kf3
Kf7 34. Kf4 Kf6 35. h4 h6 36. Rec2 Ra3 37. Rd2 Ke6 38. Rd8 g5+ 39. hxg5 hxg5+
40. Kg4 Rxa2 41. Re8+ Kd6 42. Rxe5 Kxe5 43. Rxc5+ Kxe4 44. Kxg5 a5 45. g4 a4
46. Ra5 a3 47. Kg6 Rg2 48. Ra4+ Kd5 49. g5 a2 50. Kf6 Kc5 51. g6 Kb5 52. Ra8
Kb4 53. g7 Rxg7 54. Kxg7 Kb3 55. Kf6 Kb2 56. Rb8+ Kc2 57. Ra8 Kb2 58. Ke5 a1=Q
59. Rxa1 Kxa1 1/2-1/2

[Event "Europa ch 2014"]
[Site "Yerevan ARM"]
[Date "2014.03.04"]
[Round "2.89"]
[White "Gharagyozyan, Artur"]
[Black "Petenyi, Tamas"]
[Result "0-1"]
[WhiteElo "2216"]
[BlackElo "2468"]
[PlyCount "144"]
[EventDate "2014.03.03"]
[EventType "swiss"]
[EventRounds "11"]
[EventCountry "ARM"]
[Source "lmi"]
[SourceDate "2014.03.02"]

1. e4 e5 2. Nf3 Nc6 3. d4 exd4 4. Bc4 Nf6 5. O-O Nxe4 6. Re1 d5 7. Bxd5 Qxd5 8.
Nc3 Qa5 9. Nxe4 Be6 10. Neg5 O-O-O 11. Nxe6 fxe6 12. Rxe6 Bd6 13. Bg5 Rde8 14.
Qe2 Kd7 15. Rxe8 Rxe8 16. Qd3 h6 17. Bd2 Qd5 18. a3 Ne5 19. Nxe5+ Rxe5 20. Bf4
Re6 21. Bxd6 Kxd6 22. Rd1 c5 23. h3 Kc6 24. c3 Qe4 25. Qd2 Qe2 26. cxd4 Qxd2
27. Rxd2 Rd6 28. Kf1 cxd4 29. Ke2 Kd5 30. Rc2 Rc6 31. Rxc6 bxc6 32. Kd3 c5 33.
b3 g5 34. g3 h5 35. f3 a5 36. f4 gxf4 37. gxf4 h4 38. a4 Ke6 39. Ke4 Kf6 40. f5
Kg5 41. Ke5 d3 42. f6 Kg6 43. Ke6 d2 44. f7 d1=Q 45. f8=Q Qxb3+ 46. Kd6 Qd3+
47. Kc6 c4 48. Qe8+ Kf6 49. Qf8+ Ke5 50. Qh8+ Ke4 51. Qxh4+ Kf3 52. Qg4+ Kf2
53. Qh4+ Ke2 54. Kc7 c3 55. Qh5+ Qf3 56. Qe5+ Qe3 57. Qh5+ Qf3 58. Qe5+ Kd1 59.
Qd4+ Kc1 60. Qg1+ Kb2 61. Qb6+ Ka1 62. Qg1+ Ka2 63. Qg8+ Kb2 64. Qb8+ Kc1 65.
Qb3 Qf4+ 66. Kd7 c2 67. Qa3+ Kd1 68. Qb3 Qd4+ 69. Ke8 Kc1 70. h4 Qb2 71. Qd3
Kb1 72. h5 Ka1 0-1

[Event "Europa ch 2014"]
[Site "Yerevan ARM"]
[Date "2014.03.04"]
[Round "2.90"]
[White "Danielian, Elina"]
[Black "Sargissyan, Sargis"]
[Result "1-0"]
[WhiteElo "2467"]
[BlackElo "2242"]
[PlyCount "120"]
[EventDate "2014.03.03"]
[EventType "swiss"]
[EventRounds "11"]
[EventCountry "ARM"]
[Source "lmi"]
[SourceDate "2014.03.02"]

1. d4 Nf6 2. Bg5 c5 3. Bxf6 gxf6 4. d5 Qb6 5. Qc1 f5 6. e3 Bg7 7. c3 d6 8. Ne2
Nd7 9. Nf4 Nf6 10. Bc4 Qa5 11. a4 Bd7 12. Nd2 Ng4 13. O-O Ne5 14. Be2 O-O 15.
Qc2 e6 16. Nc4 Nxc4 17. Bxc4 e5 18. Nh5 Qd8 19. f4 e4 20. Bb5 Bc8 21. a5 a6 22.
Bc4 Qh4 23. Ng3 Kh8 24. Bb3 Rg8 25. Ba4 Bf6 26. Qe2 Bd8 27. b4 b5 28. axb6 Bxb6
29. Bc6 Ra7 30. b5 c4 31. bxa6 Rxg3 32. hxg3 Qxg3 33. Rfe1 Rxa6 34. Rxa6 Bxa6
35. Qf2 Qg4 36. Ra1 Bc5 37. g3 Bc8 38. Kg2 Qg7 39. Ra8 Qxc3 40. Rxc8+ Kg7 41.
Bb5 Qb3 42. g4 Bxe3 43. Qg3 Qb2+ 44. Kh3 Bf2 45. Qg2 Qb3+ 46. Kh2 Bh4 47. gxf5+
Kf6 48. Bxc4 Qe3 49. Rg8 Qxf4+ 50. Kh1 Bg5 51. Bf1 Qh4+ 52. Qh2 Qe1 53. Qxd6+
Kxf5 54. Qd7+ Kf4 55. Qxf7+ Ke3 56. Qf5 Bf4 57. Qh3+ Kd4 58. Rf8 Bd6 59. Rf6
Be5 60. Ra6 Qe3 1-0

[Event "Europa ch 2014"]
[Site "Yerevan ARM"]
[Date "2014.03.04"]
[Round "2.91"]
[White "Hovhannisyan, Karen"]
[Black "Hayrapetyan, Hovik"]
[Result "1-0"]
[WhiteElo "2188"]
[BlackElo "2458"]
[PlyCount "103"]
[EventDate "2014.03.03"]
[EventType "swiss"]
[EventRounds "11"]
[EventCountry "ARM"]
[Source "lmi"]
[SourceDate "2014.03.02"]

1. e4 c5 2. Nf3 e6 3. c3 Nf6 4. e5 Nd5 5. d4 cxd4 6. cxd4 b6 7. Bd3 Bb7 8. a3
Be7 9. O-O f5 10. exf6 Nxf6 11. Bg5 O-O 12. Bxf6 Bxf6 13. Nc3 Na6 14. Ne4 Nc7
15. Rc1 Nd5 16. Re1 Be7 17. Ne5 a6 18. g3 Qe8 19. Qg4 g6 20. h4 Kh8 21. Ng5 Nf6
22. Qh3 Bd5 23. h5 gxh5 24. Nxh7 Rg8 25. Nxf6 Bxf6 26. Rc7 Rg7 27. Bg6 Bxe5 28.
Qxh5+ Kg8 29. Bxe8 Bxc7 30. Bg6 Rf8 31. Be4 Bc4 32. Re3 Bf4 33. Rc3 Bb5 34. Bg2
Bd6 35. Rf3 Rc8 36. Rc3 Rxc3 37. bxc3 Bxa3 38. Qe8+ Bf8 39. Qd8 Bd3 40. Qxb6
Rg5 41. Qa7 Rg7 42. Bf1 Be4 43. Qxa6 Kf7 44. Bg2 Bf5 45. Qc8 Ke7 46. Bf1 Rh7
47. Bb5 e5 48. dxe5 Be6 49. Bd3 Rh8 50. Bg6 Bg7 51. Qc5+ Kd8 52. f4 1-0

[Event "Europa ch 2014"]
[Site "Yerevan ARM"]
[Date "2014.03.04"]
[Round "2.92"]
[White "Sipila, Vilka"]
[Black "Zanan, Evgeny"]
[Result "1-0"]
[WhiteElo "2457"]
[BlackElo "2236"]
[PlyCount "69"]
[EventDate "2014.03.03"]
[EventType "swiss"]
[EventRounds "11"]
[EventCountry "ARM"]
[Source "lmi"]
[SourceDate "2014.03.02"]

1. d4 Nf6 2. c4 g6 3. Nc3 d5 4. Nf3 Bg7 5. Bf4 O-O 6. e3 c5 7. dxc5 Qa5 8. Rc1
dxc4 9. Bxc4 Nc6 10. O-O Qxc5 11. Bb3 Qa5 12. Qe2 Nh5 13. Bg5 h6 14. Bh4 g5 15.
Nxg5 hxg5 16. Qxh5 gxh4 17. Nd5 Qd8 18. Rc4 e6 19. Rxh4 Qxh4 20. Qxh4 exd5 21.
Bxd5 Be6 22. Bxe6 fxe6 23. Qg4 Rf6 24. Rd1 Rd8 25. Rxd8+ Nxd8 26. h4 Nc6 27. h5
Kf8 28. Qe4 e5 29. g4 Bh6 30. Qd5 Bg5 31. f4 Bh4 32. g5 Rf5 33. h6 Ne7 34. Qd8+
Kf7 35. h7 1-0

[Event "Europa ch 2014"]
[Site "Yerevan ARM"]
[Date "2014.03.04"]
[Round "2.93"]
[White "Basencyan, Mark"]
[Black "Schreiner, Peter"]
[Result "0-1"]
[WhiteElo "2186"]
[BlackElo "2455"]
[PlyCount "62"]
[EventDate "2014.03.03"]
[EventType "swiss"]
[EventRounds "11"]
[EventCountry "ARM"]
[Source "lmi"]
[SourceDate "2014.03.02"]

1. d4 Nf6 2. c4 g6 3. Nc3 d5 4. Nf3 Bg7 5. Bf4 Nh5 6. Be5 f6 7. Bg3 Nxg3 8.
hxg3 e6 9. Qb3 c6 10. e3 f5 11. Be2 Nd7 12. O-O-O a5 13. Rh3 Qe7 14. Rdh1 Bf6
15. Nh4 Nf8 16. Nf3 Kf7 17. Na4 dxc4 18. Qc2 b5 19. Nc3 a4 20. a3 e5 21. dxe5
Bxe5 22. Nxe5+ Qxe5 23. Bf3 Bd7 24. Rh4 Kg7 25. Rd4 Be8 26. Qd2 Ne6 27. Rd6 Nc5
28. Kb1 Nb3 29. Qd1 b4 30. Rd7+ Bf7 31. Qd6 Qxd6 0-1

[Event "Europa ch 2014"]
[Site "Yerevan ARM"]
[Date "2014.03.04"]
[Round "2.94"]
[White "Melia, Salome"]
[Black "Pogosian, Georgy"]
[Result "1-0"]
[WhiteElo "2453"]
[BlackElo "2234"]
[PlyCount "69"]
[EventDate "2014.03.03"]
[EventType "swiss"]
[EventRounds "11"]
[EventCountry "ARM"]
[Source "lmi"]
[SourceDate "2014.03.02"]

1. e4 e6 2. d4 d5 3. Nc3 Nf6 4. e5 Nfd7 5. f4 c5 6. Nf3 Nc6 7. Be3 c4 8. f5
exf5 9. Nxd5 Qa5+ 10. Nc3 Bb4 11. Bd2 Nb6 12. g3 Be6 13. Bg2 Bxc3 14. Bxc3 Qd5
15. O-O Qd7 16. Ng5 O-O 17. g4 fxg4 18. Be4 h6 19. Nxe6 fxe6 20. Qxg4 Ne7 21.
Bb4 h5 22. Qe2 Qxd4+ 23. Kh1 Rxf1+ 24. Rxf1 Nf5 25. Bxb7 Rd8 26. Bf3 Nd5 27.
Ba5 Rf8 28. Rd1 Qe3 29. Bxh5 Qh6 30. Bd2 Qh7 31. Rf1 Nd4 32. Qg2 Nf5 33. Bg6
Qh8 34. Bxf5 Rxf5 35. Rxf5 1-0

[Event "Europa ch 2014"]
[Site "Yerevan ARM"]
[Date "2014.03.04"]
[Round "2.95"]
[White "Chibukhchian, Artur"]
[Black "Nikolaidis, Konstantinos"]
[Result "1-0"]
[WhiteElo "2446"]
[BlackElo "2186"]
[PlyCount "85"]
[EventDate "2014.03.03"]
[EventType "swiss"]
[EventRounds "11"]
[EventCountry "ARM"]
[Source "lmi"]
[SourceDate "2014.03.02"]

1. d4 Nf6 2. Nf3 e6 3. c4 b6 4. g3 Ba6 5. b3 Bb7 6. Bg2 Bb4+ 7. Bd2 c5 8. Bxb4
cxb4 9. O-O O-O 10. Qd3 d6 11. Nbd2 a5 12. e4 e5 13. Ne1 Nc6 14. Nc2 Nd7 15.
Rfd1 Nxd4 16. Nxd4 Nc5 17. Qe3 exd4 18. Qxd4 Qc7 19. Nf1 Rfd8 20. Ne3 a4 21.
Rab1 axb3 22. axb3 Qe7 23. f3 Qc7 24. Nd5 Bxd5 25. cxd5 Ra2 26. Qxb4 Rda8 27.
Qc3 Qa7 28. b4 Nd7 29. Rbc1 h5 30. Qc7 Qa6 31. Qxd7 Qe2 32. Qh3 Rc2 33. Kh1
Raa2 34. Rg1 g6 35. Rxc2 Rxc2 36. Qh4 Qe3 37. Qf4 Qd4 38. Qxd6 Rb2 39. h4 Rxb4
40. e5 Rb5 41. f4 Rb3 42. Qd8+ Kh7 43. Qe7 1-0

[Event "Europa ch 2014"]
[Site "Yerevan ARM"]
[Date "2014.03.04"]
[Round "2.96"]
[White "Vatinyan, Gor"]
[Black "Kreisl, Robert"]
[Result "0-1"]
[WhiteElo "2176"]
[BlackElo "2437"]
[PlyCount "70"]
[EventDate "2014.03.03"]
[EventType "swiss"]
[EventRounds "11"]
[EventCountry "ARM"]
[Source "lmi"]
[SourceDate "2014.03.02"]

1. e4 c6 2. Nf3 d5 3. Nc3 Nf6 4. e5 Ne4 5. d4 Qa5 6. Bd2 Nxd2 7. Qxd2 Bf5 8.
Nh4 Bd7 9. f4 e6 10. O-O-O c5 11. Kb1 c4 12. Ne2 Bb4 13. c3 Be7 14. Nf3 b5 15.
g4 Nc6 16. a3 Qb6 17. Kc2 a5 18. Ra1 b4 19. axb4 O-O 20. b5 Qxb5 21. Kc1 a4 22.
Qc2 Na5 23. Nd2 Rfd8 24. Ng3 Qb7 25. Rb1 Ra6 26. h4 Rb6 27. f5 a3 28. f6 gxf6
29. exf6 Bd6 30. Nf3 Rxb2 31. Bd3 cxd3 32. Qxd3 Rxb1+ 33. Kd2 Bf4+ 34. Ke2 Qb2+
35. Nd2 Rxh1 0-1